banner koha

Irrigacao da cana-de-acucar na regiao norte fluminense: viabilidade tecnico-economica [Saccharum spp; Rio de Janeiro; brasil] (Registro n. 106293)

MARC details
000 -LÍDER
campo de controle de tamanho fixo 01077nas a2200313 4500
001 - NÚMERO DE CONTROLE
campo de controle BR8102036
003 - IDENTIFICADOR DO NÚMERO DE CONTROLE
campo de controle BR-BrBNA
005 - DATA E HORÁRIO DA ÚLTIMA TRANSAÇÃO
campo de controle 20231205084623.0
007 - CAMPO FIXO DE DESCRIÇÃO FÍSICA--INFORMAÇÃO GERAL
campo de controle de tamanho fixo ta
008 - CAMPO DE DADOS FIXOS--INFORMAÇÃO GERAL
campo de controle de tamanho fixo 230509b bl.|||p| |||| 00| 00por d
040 ## - FONTE DA CATALOGAÇÃO
Instituição da catalogação original BR-BrBNA
Idioma da catalogação por
Instituição que transcreveu o registro Biblioteca Nacional de Agricultura
041 ## - CÓDIGO DE IDIOMA
Código do idioma do texto/trilha sonora ou título diferente (Pt)
072 ## - CÓDIGO DE CATEGORIA DE ASSUNTO
Código de Categoria de Assunto P12; E15
100 1# - ENTRADA PRINCIPAL--NOME PESSOAL
Nome pessoal Sousa, I.C. de
100 1# - ENTRADA PRINCIPAL--NOME PESSOAL
Nome pessoal Leme, E.J. de A.
100 1# - ENTRADA PRINCIPAL--NOME PESSOAL
Nome pessoal Rosenfeld, V.
100 1# - ENTRADA PRINCIPAL--NOME PESSOAL
Nome pessoal Batistella, J.R.
100 1# - ENTRADA PRINCIPAL--NOME PESSOAL
Nome pessoal Barbieri, V.
245 1# - TÍTULO
Título Irrigacao da cana-de-acucar na regiao norte fluminense: viabilidade tecnico-economica [Saccharum spp; Rio de Janeiro; brasil]
246 1# - FORMA VARIANTE DO TÍTULO
Título/título abreviado [Sugarcane irrigation in the northern Rio de Janeiro state: technical economical viability [Saccharum spp; Rio de Janeiro; Brazil]]
650 ## - ASSUNTO--TERMO TÓPICO
Cabeçalho tópico ou nome geográfico Irrigacao
650 ## - ASSUNTO--TERMO TÓPICO
Cabeçalho tópico ou nome geográfico Microeconomia
650 ## - ASSUNTO--TERMO TÓPICO
Cabeçalho tópico ou nome geográfico Cana de acucar
650 ## - ASSUNTO--TERMO TÓPICO
Cabeçalho tópico ou nome geográfico Custo
650 ## - ASSUNTO--TERMO TÓPICO
Cabeçalho tópico ou nome geográfico Rio de Janeiro
773 0# - ENTRADA ANALÍTICA
Título Boletim Tecnico PLANALSUCAR (Brazil)
ISSN - International Standard Serial Number ISSN 0100-3208
Partes relacionadas (May 1980), v. 2(3) p. 1-34
Número de controle do registro BR8102036
909 ## -
-- 202311
-- Lúcia
-- 55
-- Lúcia Elande
942 ## - ELEMENTOS DE ENTRADA ADICIONADOS (KOHA)
Fonte da classificação ou esquema de arquivamento na estante Classificação AGRIS
Ocultar no OPAC Não
Tipo de material Koha Analítica
Exemplares
Situação do descarte Fonte da classificação ou esquema de arquivamento na estante Situação física Não pode ser emprestado Biblioteca de origem Biblioteca atual Localização na estante Enumeração do periódico / cronologia Total de empréstimos Data de último acesso Número do exemplar Tipo de material Koha Fonte de aquisição
  Classificação AGRIS   Consulta local Biblioteca Nacional de Agricultura - Binagri Biblioteca Nacional de Agricultura - Binagri   (May 1980), v. 2(3) p. 1-34   29/11/2023 01 Periódicos Portaria Interministerial nº 164/94

BINAGRI

Telefone: (61)3218-2567/2388/3357/2097 - binagri@agro.gov.br

Ministério da Agricultura e Pecuária , Esplanada dos Ministérios, Bloco D, Anexo B, Brasília/DF, CEP: 70.043-900